La formación del símbolo en el niño: imitación, juego y sueño, imagen y representación
Guardat en:
| Autor principal: | |
|---|---|
| Format: | Llibre |
| Idioma: | espanyol |
| Publicat: |
Ciudad de México, México
Fondo de Cultura Económica
1961
|
| Col·lecció: | Biblioteca de Psicología y Psicoanálisis
|
| Matèries: | |
| Accés en línia: | Disponible Online - Capítulos I al III |
| Etiquetes: |
Afegir etiqueta
Sense etiquetes, Sigues el primer a etiquetar aquest registre!
|
MARC
| LEADER | 00000cam a2200000 a 4500 | ||
|---|---|---|---|
| 001 | UCW5507 | ||
| 003 | CL-VaPUC | ||
| 005 | 20240430142505.0 | ||
| 008 | 910508e19610000MX |||||||||||||||||spa|d | ||
| 999 | |c 218920 |d 218918 | ||
| 040 | |c Pontificia Universidad Católica de Valparaíso | ||
| 082 | 0 | 4 | |a 155.4 PIA 1961 |2 21 |
| 100 | 0 | |a Piaget, Jean |9 308149 | |
| 245 | 1 | 3 | |a La formación del símbolo en el niño: imitación, juego y sueño, imagen y representación |
| 260 | 0 | 3 | |a Ciudad de México, México |b Fondo de Cultura Económica |c 1961 |
| 300 | |a 401 páginas | ||
| 490 | 0 | |a Biblioteca de Psicología y Psicoanálisis | |
| 583 | |a last modification |c 20140319 04:51:39 |k Rodrigo Vera | ||
| 650 | 0 | |a Psicología del niño |9 307305 |x Juego |x Imitación | |
| 650 | 0 | |a Desarrollo del niño |9 336460 |x Simbolismo | |
| 856 | |u http://bibliografiadigital.pucv.cl.pucv.idm.oclc.org/index.php/bibliotecapucv/catalog/book/263 |y Disponible Online - Capítulos I al III | ||
| 942 | |c BK |2 ddc | ||
| 945 | |d 19910508 00:00:00 | ||
| 952 | |0 0 |1 0 |2 ddc |4 0 |6 155_400000000000000_PIA_1961 |7 0 |8 A |9 209246 |a FDOPOS |b FDOPOS |d 2019-11-15 |i 2770636 |o 155.4 PIA 1961 |p 2770636 |r 2025-01-22 |t 9 |w 2019-11-15 |y BK |k MLA | ||
| 952 | |0 0 |1 0 |2 ddc |4 0 |6 155_400000000000000_PIA_1961 |7 0 |8 A |9 209247 |a FDOPOS |b FDOPOS |d 2019-11-15 |i 2770644 |o 155.4 PIA 1961 |p 2770644 |r 2025-01-22 |t 10 |w 2019-11-15 |y BK |k MLA | ||
| 952 | |0 0 |1 0 |2 ddc |4 0 |6 155_400000000000000_PIA_1961 |7 0 |8 A |9 209248 |a BIBEDU |b BIBEDU |d 2019-11-15 |i 2770652 |o 155.4 PIA 1961 |p 2770652 |r 2019-11-15 |t 2 |w 2019-11-15 |y BK |k EDU | ||
| 952 | |0 0 |1 0 |2 ddc |4 0 |6 155_400000000000000_PIA_1961 |7 0 |8 A |9 209249 |a BIBEDU |b BIBEDU |d 2019-11-15 |i 2770660 |o 155.4 PIA 1961 |p 2770660 |r 2019-11-15 |t 3 |w 2019-11-15 |y BK |k EDU | ||
| 952 | |0 0 |1 0 |2 ddc |4 0 |6 155_400000000000000_PIA_1961 |7 0 |8 A |9 209250 |a BIBEDU |b BIBEDU |d 2019-11-15 |i 2770687 |o 155.4 PIA 1961 |p 2770687 |r 2019-11-15 |t 4 |w 2019-11-15 |y BK |k EDU | ||
| 952 | |0 0 |1 0 |2 ddc |4 0 |6 155_400000000000000_PIA_1961 |7 0 |8 A |9 209251 |a BIBEDU |b BIBEDU |d 2019-11-15 |i 2770695 |l 2 |o 155.4 PIA 1961 |p 2770695 |r 2025-04-07 |s 2023-08-23 |t 5 |w 2019-11-15 |y BK |k EDU | ||
| 952 | |0 0 |1 0 |2 ddc |4 0 |6 155_400000000000000_PIA_1961 |7 0 |8 A |9 209252 |a BIBEDU |b BIBEDU |d 2019-11-15 |i 2770709 |l 3 |o 155.4 PIA 1961 |p 2770709 |r 2023-07-07 |s 2023-07-07 |t 6 |w 2019-11-15 |y BK |k EDU | ||
| 952 | |0 0 |1 0 |2 ddc |4 0 |6 155_400000000000000_PIA_1961 |7 0 |8 A |9 209253 |a BIBEDU |b BIBEDU |d 2019-11-15 |i 2770717 |l 1 |o 155.4 PIA 1961 |p 2770717 |r 2022-03-24 |s 2022-03-04 |t 7 |w 2019-11-15 |y BK |k EDU | ||
| 952 | |0 0 |1 0 |2 ddc |4 0 |6 155_400000000000000_PIA_1961 |7 0 |8 A |9 209254 |a BIBEDU |b BIBEDU |d 2019-11-15 |i 2770725 |l 4 |o 155.4 PIA 1961 |p 2770725 |r 2023-08-29 |s 2022-09-20 |t 8 |w 2019-11-15 |y BK |k EDU | ||
| 952 | |0 0 |1 0 |2 ddc |4 0 |6 155_400000000000000_PIA_1961 |7 0 |8 A |9 209255 |a BIBCUR |b BIBCUR |c PAC |d 2019-11-15 |i 1793039 |o 155.4 PIA 1961 |p 1793039 |r 2025-04-22 |t 1 |w 2019-11-15 |y BK |k BIO | ||
| 952 | |0 0 |1 0 |2 ddc |4 0 |6 155_400000000000000_PIA_1961 |7 0 |8 A |9 209256 |a FDOPOS |b FDOPOS |d 2019-11-15 |i 3691993 |o 155.4 PIA 1961 |p 3691993 |r 2025-01-22 |t 11 |w 2019-11-15 |y BK |k MLA | ||
| 952 | |0 0 |1 0 |2 ddc |4 0 |6 155_400000000000000_PIA_1961 |7 0 |8 A |9 209257 |a FDOPOS |b BIBEDU |d 2019-11-15 |i 4105737 |l 1 |o 155.4 PIA 1961 |p 4105737 |r 2025-01-22 |s 2023-03-27 |t 12 |w 2019-11-15 |y BK |k MLA | ||